| 000 | 00000nas##2200000za#4500 |
| 001 | 9.510739 |
| 003 | CaOODSP |
| 005 | 20210615082530 |
| 007 | ta |
| 008 | 150406c2002||||xxc|| m #||||f| |0fre|d |
| 040 | |aCaOODSP|bfre |
| 041 | |aeng |
| 041 | |afre |
| 043 | |an-cn--- |
| 086 | 1 |aBT31-4/2002 |
| 110 | 1 |aCanada. |bConseil du trésor. |
| 245 | 10|aRapport sur le rendement pour la période se terminant le 31 mars 2002 |
| 260 | |aOttawa - Ontario : |bSecrétariat du Conseil du Trésor du Canada |c2002. |
| 546 | |aBilingue |
| 563 | |aCouverture souple |
| 776 | 0#|tRapport sur le rendement pour la période se terminant le 31 mars 2002 |w(CaOODSP)9.502659 |
| 776 | 0#|tPerformance report for the period ending March 31, 2002 |w(CaOODSP)9.506264 |
| 791 | |tPerformance report for the period ending March 31, 2002 |eeng|w(CaOODSP)9.510738 |